Nomenclatura biológica (Registro nro. 1579)

Detalles MARC
000 -CABECERA
Campo de control 00661nam a2200193 a 4500
005 - FECHA Y HORA DE LA ULTIMA TRANSACCION
Campo de control 20140228171919.0
008 - ELEMENTOS DE LONGITUD FIJA—INFORMACION GENERAL
Campo de control 140228b1975 sp ||||| |||| 00| 0 spa d
041 ## - IDIOMA
Código de idioma para texto/pista de sonido o título separado Español
044 ## - PAÍS DE PUBLICACIÓN
País de publicación España
090 ## - CLASIFICACIÓN LOCAL
Colección LB
Consecutivo 01572
100 ## - ASIENTO PRINCIPAL--NOMBRE PERSONAL
Nombre personal Charles, Jeffrey
245 ## - MENCION DE TITULO
Título Nomenclatura biológica
Parte restante del título Código internacional de nomenclatura botánica y Código internacional de nomenclatura zoológica
260 ## - PUBLICACION, DISTRIBUCION, ETC. (PIE DE IMPRENTA)
Lugar de publicación, distribución, etc. Madrid
Nombre del editor, distribuidor, etc. Herman Blume Ediciones
Fecha de publicación, distribución, etc. 1975
300 ## - DESCRIPCION FISICA
Extensión 360 p.
650 ## - ASIENTO SECUNDARIO DE MATERIA - TERMINO TEMATICO
Término temático o nombre geográfico como elemento de entrada Nomenclatura
650 ## - ASIENTO SECUNDARIO DE MATERIA - TERMINO TEMATICO
Término temático o nombre geográfico como elemento de entrada Código internacional de nomenclatura botánica
650 ## - ASIENTO SECUNDARIO DE MATERIA - TERMINO TEMATICO
Término temático o nombre geográfico como elemento de entrada Código internacional de nomenclatura zoológica
942 ## - ELEMENTOS ADICIONALES (KOHA)
Tipo de ítem Impreso
Sistema de clasificación Local
Existencias
Withdrawn status Lost status Sistema de Clasificación Damaged status No para préstamo Colección Inventariado Ubicación Permanente Ubicación actual Fecha de adquisición Fuente de Valor Total Checkouts Número topográfico Inventario / Código de Barras Date last seen Ejemplar Price effective from Forma de adquisición Tipo de material
    Local     Entomología Inventariado 2017 Villa de Leyva Villa de Leyva 16/01/2001 Amazon   LB-01572 002169 23/10/2017 Ej. 1 04/12/2012   Libro